000 00752nam a2200193Ia 4500
003 GCL
008 140319s9999 xx 000 0 ara d
040 _aGCL /
_cGCL
082 0 4 _a922.1
_bى م
100 1 _aعبدالله الجبورى
245 1 0 _aمراة الجنان وعبرة اليقظان فى معرفة حوادث الزمان /
_cعبدالله الجبورى
700 1 _aعبدالله الجبورى
700 1 _aاليافعى : عفيف الدين ابو محمد عبدالله بن اسعد بن على بن سليم بن فلاح الشافعى
260 _aسوريا :
_bمؤسسة الرسالة ،
_c1984
300 _a471 ص ؛
_c28 سم
490 _a
650 0 4 _aالاسلام - تراجم
942 _2ddc
_cBK
999 _c39070
_d39070